| 000 | 00439nam a2200157Ia 4500 | ||
|---|---|---|---|
| 003 | GCL | ||
| 008 | 140319s9999 xx 000 0 eng d | ||
| 040 |
_aGCL / _cGCL |
||
| 082 | 0 | 4 |
_a952.04 _bF W |
| 100 | 1 | _aFINN, RICHARD B | |
| 245 | 1 | 0 |
_aWINNERS IN PEACE: MAC ARTHUR, YOSHIDA AND POSTWAR JAPAN / _cFINN, RICHARD B |
| 260 |
_a[S.N] : _bUNIVERSITY OF CALIFORNIA PRESS |
||
| 650 | 0 | 4 | _aJAPAN - HISTORY |
| 650 | 0 | 4 | _aJAPAN |
| 942 |
_2ddc _cBK |
||
| 999 |
_c14404 _d14404 |
||